Países más cercanos a Seychelles - Estadísticas

Estadísticas generales
  • Esta prueba ha sido intentada 74 veces
  • La puntuación promedio es 17 de 20
Estadísticas de respuestas
km país % Correcto
288 Madagascar
100%
1159 Mozambique
98%
932 Kenia
97%
354 Mauricio
97%
341 Comoras
95%
1209 Somalia
95%
1484 Etiopía
92%
1178 Tanzania
92%
2226 Uganda
89%
1790 Yemen
87%
2279 Omán
85%
2125 Yibuti
84%
2261 Eritrea
82%
2349 India
79%
1741 Malaui
79%
2099 Zimbabue
79%
2273 Rep Dem Congo
77%
1915 Zambia
77%
1969 Maldivas
76%
351 Francia (Mayotte)
24%
No se encontraron pruebas coincidentes
Distribución de puntuación
Porcentaje de gente con cada puntuación
Porcentaje por número respondido
Historial de tus puntuaciones
No has intentado esta prueba.